00942nam a2200217 a 450000100100000000500170001000800410002704000250006804100130009310000340010624501040014026000360024430000260028050000540030659000750036060000540043565000310048970000370052095201500055799900170070700003498120200930074027.0111024s1965 ag 000 0 spa d aDO-SdBNPbspacBNPHU17aspahfre1 aGaraudy, Roger,d1913-96058310aDios ha muerto :bun estudio sobre Hegel /cRoger Garaudy ; tradujo del francés Matilde Alemán. aBuenos Aires :bPlatina,c1965. a418, [3] p. ;c20 cm. aTít. original: Dieu est mort: e´tude sur Hegel aPerteneció a la biblioteca personal de Juan Isidro Jimenes Grullón14aHegel, Georg Wilhelm Friedrich,d1770-183196058424aFilosofia hegeliana9605851 aAlemán, Matilde,etrad.960586 0010507-18MOaGRbGRcOId2011-10-24iLF1l0o p34981-10r2020-06-25w2020-06-25y1zBiblioteca Juan Isidro Jiménes GrullónZNo se presta c34472d34472